000
00210nam a22000977a 4500
082
_a
823
_b
ROW/J
100
_a
ROWLING, J K
245
_a
HARRY POTTER AND THE GOBLET OF FIRE
650
_a
ENGLISH STORY
942
_c
BK
999
_c
7680
_d
7680